[Event "tm FRA 1st"]
[Site "France"]
[Date "1999.??.??"]
[Round "6"]
[White "Apicella, Manuel"]
[Black "Piket, Jeroen"]
[Result "1/2-1/2"]
[WhiteElo "2515"]
[BlackElo "2609"]
[Annotator "Clichy-Monaco"]
[PlyCount "57"]
[EventDate "1999.??.??"]

1. e4 e5 2. Nf3 Nc6 3. Bb5 a6 4. Ba4 Nf6 5. O-O b5 6. Bb3 Bc5 7. c3 d6 8. d4
Bb6 9. Re1 O-O 10. Be3 Rb8 11. Nbd2 h6 12. h3 Bd7 13. d5 Ne7 14. a4 c5 15. c4
Ba5 16. Qc2 Ne8 17. cxb5 axb5 18. axb5 Bxb5 19. Ra2 Bb4 20. Rea1 Kh8 21. g4 Nc7
22. Nc4 Ng6 23. Ba4 Qf6 24. Kg2 Bxa4 25. Rxa4 Nb5 26. Qd1 Nd4 27. Ng1 Nf4+ 28.
Bxf4 Qxf4 29. Qd3 1/2-1/2

[Event "tm FRA 1st"]
[Site "France"]
[Date "1999.??.??"]
[Round "6"]
[White "Kosten, Anthony"]
[Black "Degraeve, Jean-Marc"]
[Result "1/2-1/2"]
[WhiteElo "2502"]
[BlackElo "2536"]
[Annotator "Monaco-Clichy"]
[PlyCount "54"]
[EventDate "1999.??.??"]

1. c4 g6 2. g3 Bg7 3. Bg2 Nf6 4. Nc3 O-O 5. d3 d6 6. Bg5 h6 7. Bd2 e5 8. e4 a6
9. Nge2 b5 10. O-O Nbd7 11. h3 Rb8 12. cxb5 axb5 13. b4 c6 14. Be3 d5 15. exd5
cxd5 16. Nxd5 Nxd5 17. Bxd5 Nc5 18. Bg2 Nxd3 19. Qd2 Bb7 20. Rad1 Bxg2 21. Kxg2
Qd5+ 22. Kh2 e4 23. Bxh6 Bxh6 24. Qxh6 Qxa2 25. Qe3 Qc4 26. Nf4 Rbd8 27. Nh5
gxh5 1/2-1/2

[Event "tm FRA 1st"]
[Site "France"]
[Date "1999.??.??"]
[Round "6"]
[White "Hebden, Mark"]
[Black "Efimov, Igor"]
[Result "1-0"]
[WhiteElo "2556"]
[BlackElo "2494"]
[Annotator "Clichy-Monaco"]
[PlyCount "103"]
[EventDate "1999.??.??"]

1. d4 e6 2. Nf3 c5 3. c3 Nf6 4. Bg5 h6 5. Bxf6 Qxf6 6. e4 Qd8 7. Bd3 Be7 8. O-O
d6 9. dxc5 dxc5 10. e5 Nd7 11. Qe2 Qc7 12. a4 Nb6 13. c4 Bd7 14. a5 Nc8 15. Nc3
a6 16. Rfd1 Na7 17. Qe3 Nc6 18. Nd5 exd5 19. cxd5 O-O-O 20. d6 Bxd6 21. exd6
Qxd6 22. Bxa6 Qe7 23. Qxe7 Nxe7 24. Bc4 f6 25. Rdc1 Kb8 26. Nd2 Rc8 27. a6 b5
28. Re1 Ng6 29. Bd3 Ne5 30. Be4 Ka7 31. Bb7 Rc7 32. f4 Nd3 33. Re7 Re8 34. Rxg7
Kb6 35. Ne4 Bc6 36. Rxc7 Kxc7 37. Nxf6 Rd8 38. Nd5+ Kd6 39. Nc3 Bxb7 40. axb7
Kc7 41. Ra8 Rb8 42. Nxb5+ Kxb7 43. Rxb8+ Kxb8 44. f5 Kc8 45. Nd6+ Kd7 46. Nc4
Ke7 47. g4 Kf6 48. Kg2 h5 49. h3 Kg5 50. Kf3 Ne1+ 51. Ke4 hxg4 52. hxg4 1-0

[Event "tm FRA 1st"]
[Site "France"]
[Date "1999.??.??"]
[Round "6"]
[White "Rotstein, Arkadij"]
[Black "Relange, Eloi"]
[Result "1/2-1/2"]
[WhiteElo "2493"]
[BlackElo "2478"]
[Annotator "Monaco-Clichy"]
[PlyCount "67"]
[EventDate "1999.??.??"]

1. Nf3 g6 2. d4 Nf6 3. c4 Bg7 4. g3 O-O 5. Bg2 d6 6. O-O Nbd7 7. Nc3 e5 8. e4
a6 9. h3 exd4 10. Nxd4 Rb8 11. Be3 Re8 12. Qc2 Ne5 13. b3 c5 14. Nde2 b5 15.
cxb5 axb5 16. Rad1 Qb6 17. f4 Ned7 18. b4 Bb7 19. Qd3 Qa6 20. bxc5 Nxc5 21.
Bxc5 dxc5 22. e5 c4 23. Qd6 Qxd6 24. Rxd6 b4 25. Bxb7 Rxb7 26. Rb1 Ra7 27. exf6
bxc3 28. Nxc3 Ra3 29. Nd5 Bf8 30. Rc6 Rxg3+ 31. Kh2 Rd3 32. Ne7+ Bxe7 33. Re1
Rb8 34. fxe7 1/2-1/2

[Event "tm FRA 1st"]
[Site "France"]
[Date "1999.??.??"]
[Round "6"]
[White "Conquest, Stuart"]
[Black "Sharif, Mershad"]
[Result "1-0"]
[WhiteElo "2488"]
[BlackElo "2475"]
[Annotator "Clichy-Monaco"]
[PlyCount "69"]
[EventDate "1999.??.??"]

1. e4 e6 2. d4 d5 3. Nd2 Nf6 4. e5 Nfd7 5. f4 c5 6. c3 Nc6 7. Ndf3 cxd4 8. cxd4
f5 9. Bd3 Be7 10. Ne2 O-O 11. Rg1 Nb6 12. g4 Bd7 13. Kf2 a5 14. Rg2 Kh8 15. Kg1
a4 16. Kh1 Nb4 17. Bb1 Nc4 18. gxf5 exf5 19. Qg1 g6 20. h4 a3 21. b3 Nb2 22.
Bd2 Ra6 23. Ng5 h6 24. Nf3 Rg8 25. e6 Rxe6 26. Ne5 Rf6 27. h5 Be8 28. hxg6 Qb6
29. Ng3 Rgxg6 30. Nxg6+ Bxg6 31. Nh5 Kh7 32. Bxb4 Bxb4 33. Rxg6 Rxg6 34. Bxf5
Bd2 35. Qg2 1-0

[Event "tm FRA 1st"]
[Site "France"]
[Date "1999.??.??"]
[Round "6"]
[White "Lebel, Julia"]
[Black "Leconte, Maria"]
[Result "0-1"]
[WhiteElo "273"]
[BlackElo "2315"]
[Annotator "Monaco-Clichy"]
[PlyCount "52"]
[EventDate "1999.??.??"]

1. d4 g6 2. e4 Bg7 3. c3 d5 4. e5 c5 5. Be3 Nh6 6. dxc5 Ng4 7. Bd4 Bxe5 8. Bxe5
Nxe5 9. Qd4 f6 10. f4 Nbc6 11. Bb5 O-O 12. Qa4 Nf7 13. Bxc6 bxc6 14. Qxc6 Rb8
15. Nf3 Rxb2 16. O-O e5 17. fxe5 fxe5 18. Nfd2 Bb7 19. Qe6 Qc7 20. Nb3 d4 21.
Rf2 Rxf2 22. Kxf2 Kg7 23. Kg1 Ng5 24. Qd6 Qf7 25. Qxe5+ Kg8 26. N1d2 Qf2+ 0-1

[Event "tm FRA 1st"]
[Site "France"]
[Date "1999.??.??"]
[Round "6"]
[White "Hamdouchi, Hichem"]
[Black "Hodgson, Julian"]
[Result "1/2-1/2"]
[WhiteElo "2564"]
[BlackElo "2565"]
[Annotator "Montpellier-Le Mans"]
[PlyCount "30"]
[EventDate "1999.??.??"]

1. e4 c5 2. Nc3 Nc6 3. Nf3 g6 4. h4 Nf6 5. Bc4 d6 6. h5 gxh5 7. Ng5 Ne5 8. Bb5+
Bd7 9. f4 Nc6 10. f5 Ne5 11. Bxd7+ Qxd7 12. d3 Rg8 13. Bf4 Bh6 14. Qd2 O-O-O
15. O-O-O Rg7 1/2-1/2

[Event "tm FRA 1st"]
[Site "France"]
[Date "1999.??.??"]
[Round "6"]
[White "Kozakov, Mikhail"]
[Black "Pinter, Jozsef"]
[Result "0-1"]
[WhiteElo "2420"]
[BlackElo "2581"]
[Annotator "Le Mans-Montpellier"]
[PlyCount "104"]
[EventDate "1999.??.??"]

1. e4 e5 2. Nf3 Nc6 3. Bb5 Nf6 4. d3 d6 5. O-O g6 6. c3 Bg7 7. Re1 O-O 8. d4
exd4 9. cxd4 Bg4 10. Bxc6 bxc6 11. h3 Bd7 12. Nc3 h6 13. Bf4 g5 14. Bh2 Rb8 15.
e5 Ne8 16. b3 Be6 17. Rc1 Qd7 18. Qe2 Rb6 19. Rcd1 Bd5 20. Nxd5 cxd5 21. Rc1 a6
22. h4 g4 23. Nd2 dxe5 24. dxe5 h5 25. Qd3 Bh6 26. Rcd1 Qe6 27. Nf1 c6 28. Ng3
Ng7 29. Ne2 Nf5 30. Nd4 Nxd4 31. Qxd4 Rfb8 32. Bg3 R8b7 33. Re2 Rb5 34. Rc2 Rd7
35. Re2 c5 36. Qd3 Rb6 37. Rc2 Rc6 38. Qe2 Kg7 39. Qd3 Kf8 40. Re2 Qg6 41. Qc3
Kg8 42. Kh2 f5 43. Qa5 Bf8 44. Qa4 Qe6 45. Red2 Rb6 46. Rd3 Rb4 47. Qa5 d4 48.
Qa3 Bh6 49. Qb2 a5 50. Qc2 Rd5 51. f3 a4 52. fxg4 52... hxg4 {...0-1 (58)} 0-1

[Event "tm FRA 1st"]
[Site "France"]
[Date "1999.??.??"]
[Round "6"]
[White "Flear, Glenn"]
[Black "Berthelot, Yannick"]
[Result "1-0"]
[WhiteElo "2484"]
[BlackElo "2327"]
[Annotator "Montpellier-Le Mans"]
[PlyCount "81"]
[EventDate "1999.??.??"]

1. d4 Nf6 2. c4 g6 3. Nc3 Bg7 4. e4 d6 5. f4 O-O 6. Nf3 c5 7. d5 e6 8. Be2 exd5
9. cxd5 Re8 10. Nd2 a6 11. a4 Ng4 12. Nc4 h5 13. Qd3 f5 14. e5 dxe5 15. Bxg4 e4
16. Qd1 hxg4 17. Be3 a5 18. Qb3 Na6 19. O-O-O Nb4 20. Bxc5 Nd3+ 21. Rxd3 exd3
22. Nb6 Ra6 23. d6+ Be6 24. Qb5 d2+ 25. Kxd2 Rxb6 26. Qxb6 Qxb6 27. Bxb6 Bf8
28. Bc7 Bxd6 29. Bxd6 Rd8 30. Ke3 Rxd6 31. Rd1 Rb6 32. Nb5 Kf7 33. Rd6 Rxd6 34.
Nxd6+ Ke7 35. Nxb7 Bb3 36. Nxa5 Bxa4 37. Kd4 Kf6 38. g3 Bb5 39. b4 g5 40. Ke3
Bf1 41. Nc6 1-0

[Event "tm FRA 1st"]
[Site "France"]
[Date "1999.??.??"]
[Round "6"]
[White "Sulypa, Alexandre"]
[Black "Prie, Eric"]
[Result "1/2-1/2"]
[WhiteElo "2424"]
[BlackElo "2467"]
[Annotator "Le Mans-Montpellier"]
[PlyCount "55"]
[EventDate "1999.??.??"]

1. e4 c5 2. Nf3 g6 3. d4 cxd4 4. Nxd4 Nc6 5. c4 Bg7 6. Be3 Nf6 7. Nc3 O-O 8.
Be2 d6 9. Qd2 Nxd4 10. Bxd4 Qa5 11. Rd1 Be6 12. O-O Rfc8 13. b3 a6 14. f4 b5
15. f5 Bd7 16. Qe3 Bc6 17. b4 Qxb4 18. fxg6 hxg6 19. Rb1 Qa5 20. Bb6 Bh6 21.
Qxh6 Qxb6+ 22. Kh1 Qd4 23. Rbd1 Qxc3 24. Rd3 Qb2 25. Rh3 Nh5 26. Bxh5 Bxe4 27.
Bf3 Qf6 28. Qh7+ 1/2-1/2

[Event "tm FRA 1st"]
[Site "France"]
[Date "1999.??.??"]
[Round "6"]
[White "Fressinet, Laurent"]
[Black "Marcelin, Cyril"]
[Result "0-1"]
[WhiteElo "2424"]
[BlackElo "2383"]
[Annotator "Montpellier-Le Mans"]
[PlyCount "122"]
[EventDate "1999.??.??"]

1. e4 e5 2. Nf3 Nc6 3. Bb5 Nf6 4. O-O Nxe4 5. d4 Nd6 6. Bxc6 dxc6 7. dxe5 Nf5
8. Qxd8+ Kxd8 9. Nc3 Ke8 10. h3 Be6 11. g4 Ne7 12. Nd4 h5 13. Nxe6 fxe6 14. Kg2
Rd8 15. Ne2 Ng6 16. Nf4 Nxf4+ 17. Bxf4 Rd4 18. Kg3 Be7 19. c3 Rc4 20. Rae1 hxg4
21. hxg4 Bh4+ 22. Kf3 g5 23. Bg3 Rf8+ 24. Kg2 Rxg4 25. Re3 Bxg3 26. fxg3 Rxf1
27. Kxf1 Ra4 28. a3 Ra5 29. Ke2 Rd5 30. Kf3 Kf7 31. Re2 Kg6 32. Ke4 Rd1 33. Kf3
Kf5 34. g4+ Kg6 35. Kg3 Kf7 36. Kf3 Rf1+ 37. Kg3 Rg1+ 38. Kf3 Rh1 39. Kg2 Rd1
40. Kf3 Rd3+ 41. Kg2 c5 42. Kf1 Ke7 43. Ke1 Rg3 44. Re4 Rg2 45. b4 cxb4 46.
axb4 Kd7 47. Rc4 a6 48. Kd1 b6 49. Ke1 Rc2 50. Kd1 Rf2 51. Rd4+ Kc8 52. Rd3 Rf4
53. Rh3 Rxg4 54. Rh8+ Kd7 55. Rh7+ Kc6 56. Re7 Re4 57. Rxe6+ Kd7 58. Rg6 Rxe5
59. Kd2 a5 60. bxa5 Rxa5 61. Kd3 Rc5 0-1

[Event "tm FRA 1st"]
[Site "France"]
[Date "1999.??.??"]
[Round "6"]
[White "Karr, Jean-Philippe"]
[Black "Touzane, Olivier"]
[Result "1-0"]
[WhiteElo "2347"]
[BlackElo "2378"]
[Annotator "Le Mans-Montpellier"]
[PlyCount "58"]
[EventDate "1999.??.??"]

1. d4 Nf6 2. c4 g6 3. Nc3 Bg7 4. e4 d6 5. Nf3 O-O 6. Be2 e5 7. O-O Nc6 8. d5
Ne7 9. b4 Nh5 10. Re1 a5 11. Ba3 axb4 12. Bxb4 f5 13. c5 Nf4 14. Bf1 fxe4 15.
cxd6 cxd6 16. Nxe4 Bg4 17. Bxd6 Nh3+ 18. gxh3 Bxf3 19. Qb3 Kh8 20. Qxb7 Nf5 21.
Bxf8 Bxf8 22. Bg2 Nh4 23. Bh1 Ra4 24. Qf7 Ra3 25. Rab1 Nf5 26. Rb7 Bg7 27. Reb1
Ra8 28. Bxf3 Rc8 29. Bg4 Qf8 1-0

[Event "tm FRA 1st"]
[Site "France"]
[Date "1999.??.??"]
[Round "6"]
[White "Laclau, Daniel"]
[Black "Bujisho, Benjamin"]
[Result "1-0"]
[WhiteElo "2292"]
[BlackElo "2270"]
[Annotator "Montpellier-Le Mans"]
[PlyCount "83"]
[EventDate "1999.??.??"]

1. d4 d5 2. Nf3 Nf6 3. g3 c6 4. Bg2 Bg4 5. Nbd2 e6 6. O-O Nbd7 7. c4 Bd6 8. b3
a5 9. Bb2 O-O 10. Re1 h6 11. Ne5 Bf5 12. f3 Bh7 13. Kh1 a4 14. c5 Bb8 15. b4 a3
16. Bc3 Nxe5 17. dxe5 d4 18. exf6 dxc3 19. fxg7 cxd2 20. gxf8=Q+ Kxf8 21. Rf1
Be5 22. e4 Qd3 23. Rb1 Bb2 24. f4 Rd8 25. Qf3 Qc4 26. f5 Qxa2 27. Rbd1 exf5 28.
exf5 Bc1 29. Qh5 Qb2 30. f6 Ke8 31. Qe2+ Kd7 32. Qe7+ Kc8 33. Bh3+ Kb8 34.
Qxd8+ Ka7 35. Qb6+ Kb8 36. Bg2 Qd4 37. b5 Be4 38. bxc6 Bxg2+ 39. Kxg2 Qe4+ 40.
Kh3 Qe6+ 41. Kh4 Qe4+ 42. g4 1-0

[Event "tm FRA 1st"]
[Site "France"]
[Date "1999.??.??"]
[Round "6"]
[White "Blot, Jerome"]
[Black "Sarthou, Gaetan"]
[Result "1/2-1/2"]
[WhiteElo "2253"]
[BlackElo "2326"]
[Annotator "Le Mans-Montpellier"]
[PlyCount "111"]
[EventDate "1999.??.??"]

1. d4 Nf6 2. c4 g6 3. Nc3 d5 4. Nf3 Bg7 5. Bg5 Ne4 6. cxd5 Nxg5 7. Nxg5 e6 8.
Nf3 exd5 9. e3 O-O 10. Be2 a5 11. O-O c6 12. Rc1 Nd7 13. Na4 Nf6 14. Qb3 Ne4
15. Nb6 Rb8 16. Nxc8 Qxc8 17. Rfd1 Re8 18. Qb6 Bf8 19. Qxa5 Ra8 20. Qb6 Rxa2
21. Ra1 Ra8 22. Ne5 Bd6 23. Nd3 Rb8 24. Ra7 Bc7 25. Qb3 Bd6 26. Rc1 Qc7 27. h3
Qe7 28. Bf1 h5 29. Qc2 Bc7 30. Re1 Qd6 31. f4 Kg7 32. Be2 Ng3 33. Ne5 Qb4 34.
Raa1 Ra8 35. Bd3 f5 36. Qc3 Qe7 37. Qb3 Bd6 38. Kh2 h4 39. Rxa8 Rxa8 40. Rc1
Bb4 41. Rd1 Rd8 42. Bb1 Bd6 43. Bc2 Ra8 44. Bd3 Qc7 45. Rc1 Ra7 46. Rd1 Qd8 47.
Rb1 Qa8 48. Qd1 Ra2 49. Nxg6 Kxg6 50. Qg4+ Kf7 51. Qxh4 Ne4 52. Qh7+ Kf6 53.
Qh6+ Ke7 54. Qh7+ Kf6 55. Qh6+ Ke7 56. Qh7+ 1/2-1/2

[Event "tm FRA 1st"]
[Site "France"]
[Date "1999.??.??"]
[Round "6"]
[White "Planchon, Corinne"]
[Black "Dacalor, Aurelie"]
[Result "0-1"]
[WhiteElo "1760"]
[BlackElo "2105"]
[Annotator "Montpellier-Le Mans"]
[PlyCount "96"]
[EventDate "1999.??.??"]

1. e4 Nf6 2. Nc3 d5 3. exd5 Nxd5 4. Nxd5 Qxd5 5. Qf3 Qe5+ 6. Qe3 Qxe3+ 7. dxe3
Bf5 8. Bb5+ Nd7 9. Bxd7+ Bxd7 10. Bd2 e5 11. Nf3 f6 12. O-O-O O-O-O 13. Bc3 Bd6
14. Nd2 Bc6 15. f3 Bc5 16. e4 b5 17. Nb3 Bd6 18. Bd2 b4 19. Be3 Kd7 20. Nc5+
Ke7 21. Rd2 Rb8 22. Nb3 Rb5 23. Rhd1 a5 24. Kb1 a4 25. Nc1 Rd8 26. b3 Ra5 27.
Ne2 Rda8 28. Nc1 R8a6 29. Nd3 Be8 30. Nc1 Bf7 31. Bf2 c5 32. Bg1 c4 33. bxc4
Bxc4 34. Bf2 Be6 35. Bg1 Rc6 36. Bf2 Ra8 37. Bg1 Rac8 38. Bf2 h6 39. Bg1 R8c7
40. Bf2 b3 41. axb3 Bb4 42. Re2 axb3 43. cxb3 Ba3 44. Be3 Kf7 45. Ra2 Bxc1 46.
Rxc1 Bxb3 47. Rb2 Bc4 48. Kc2 Bb5+ 0-1

[Event "tm FRA 1st"]
[Site "France"]
[Date "1999.??.??"]
[Round "6"]
[White "Hauchard, Arnaud"]
[Black "De la Riva Aguado, Oscar"]
[Result "1-0"]
[WhiteElo "2524"]
[BlackElo "2496"]
[Annotator "Gonfreville-Orange"]
[PlyCount "117"]
[EventDate "1999.??.??"]

1. c4 f5 2. b3 d6 3. Bb2 e5 4. d4 e4 5. d5 Nf6 6. e3 g6 7. Nh3 Bg7 8. Nf4 O-O
9. h4 Na6 10. Be2 c6 11. Nc3 Bh8 12. Qd2 Nc7 13. dxc6 bxc6 14. O-O-O Nfe8 15.
g4 fxg4 16. Nxe4 Bxb2+ 17. Kxb2 Bf5 18. Nxd6 Qf6+ 19. Ka3 Rd8 20. c5 Nxd6 21.
cxd6 Nd5 22. Nxd5 Qxd6+ 23. Qb4 cxd5 24. Qxd6 Rxd6 25. Rhg1 h5 26. f3 Bc2 27.
Rd2 gxf3 28. Rxc2 fxe2 29. Rxe2 Re8 30. Rd1 Kf7 31. Rd4 Ree6 32. b4 Kf6 33. Kb3
Re5 34. b5 g5 35. hxg5+ Rxg5 36. Kb4 Rg1 37. e4 Rg5 38. Kc5 Rd8 39. Rxd5 Rc8+
40. Kd4 Rg1 41. Rxh5 Rd1+ 42. Ke3 Rc3+ 43. Kf2 Ke6 44. e5 Rcc1 45. Rh6+ Ke7 46.
Rh7+ Ke6 47. Rxa7 Rf1+ 48. Ke3 Kxe5 49. Rd7 Rb1 50. Kd3+ Kf6 51. Rd6+ Kf7 52.
a4 Rb4 53. Ra6 Rfb1 54. Rc2 Ke7 55. Rc7+ Kd8 56. Rc4 R4b3+ 57. Kd4 Rh1 58. Rd6+
Ke7 59. Kc5 1-0

[Event "tm FRA 1st"]
[Site "France"]
[Date "1999.??.??"]
[Round "6"]
[White "Santo-Roman, Marc"]
[Black "Miezis, Normunds"]
[Result "0-1"]
[WhiteElo "2381"]
[BlackElo "2525"]
[Annotator "Orange-Gonfreville"]
[PlyCount "80"]
[EventDate "1999.??.??"]

1. e4 c5 2. Nf3 e6 3. d4 cxd4 4. Nxd4 a6 5. Bd3 Nc6 6. Nxc6 dxc6 7. O-O e5 8.
Nd2 Nf6 9. Nc4 Qc7 10. Bd2 b5 11. Ba5 Qb8 12. Nb6 Ra7 13. c4 Bg4 14. Qc2 Bc5
15. cxb5 Bxb6 16. Qxc6+ Nd7 17. Bb4 a5 18. Bd6 Bc7 19. Bc5 Rb7 20. h3 Be6 21.
Rfd1 Bd8 22. Bd6 Qa7 23. Be2 Rb6 24. Qc3 Qb7 25. Rac1 h5 26. a4 Rh6 27. Ba3 Rg6
28. Bxh5 Rg5 29. Bf3 Bxh3 30. Kf1 Bg4 31. b4 Rh6 32. Qd3 axb4 33. Bxb4 Be6 34.
Rc6 Rh1+ 35. Ke2 Rxd1 36. Qxd1 Rg6 37. Ke1 Rh6 38. Qd6 Bb3 39. Qd2 Rh1+ 40. Ke2
Bxa4 0-1

[Event "tm FRA 1st"]
[Site "France"]
[Date "1999.??.??"]
[Round "6"]
[White "Rausis, Igors"]
[Black "Lepelletier, Benoit"]
[Result "0-1"]
[WhiteElo "2508"]
[BlackElo "2456"]
[Annotator "Gonfreville-Orange"]
[PlyCount "110"]
[EventDate "1999.??.??"]

1. Nf3 Nf6 2. c4 e6 3. g3 b6 4. Bg2 Bb7 5. O-O Be7 6. Nc3 O-O 7. Re1 d5 8. cxd5
Nxd5 9. e4 Nxc3 10. bxc3 c5 11. d4 cxd4 12. cxd4 Nc6 13. h4 Bf6 14. Be3 Qd7 15.
Qd2 Rfd8 16. Rad1 Rac8 17. Qe2 Nb4 18. Bg5 Ba6 19. Qd2 Nc2 20. Bxf6 gxf6 21.
Qh6 Nxe1 22. Rxe1 Qe7 23. e5 Qf8 24. Qxf6 Rd7 25. Ng5 h6 26. Ne4 Rxd4 27. Nd6
Rc3 28. Nf5 exf5 29. e6 Rcd3 30. e7 Qe8 31. Bc6 Rd7 32. Bxd7 Rxd7 33. g4 fxg4
34. Qxh6 Rd5 35. Qf6 Bc8 36. f3 Bd7 37. h5 Rxh5 38. fxg4 Rh7 39. Re5 Rg7 40.
Rg5 Rg6 41. Kh2 Bxg4 42. Qe5 Bd7 43. Rg3 Qa8 44. a4 Qc6 45. Qb8+ Be8 46. Rxg6+
fxg6 47. Qxa7 Qxa4 48. Qxb6 Qh4+ 49. Kg1 Qxe7 50. Qb3+ Bf7 51. Qc3 Bd5 52. Qc8+
Kf7 53. Kf2 Qf6+ 54. Kg3 Qf3+ 55. Kh4 Qf4+ 0-1

[Event "tm FRA 1st"]
[Site "France"]
[Date "1999.??.??"]
[Round "6"]
[White "Brochet, Philippe"]
[Black "Beikert, Guenther"]
[Result "0-1"]
[WhiteElo "2351"]
[BlackElo "2440"]
[Annotator "Orange-Gonfreville"]
[PlyCount "88"]
[EventDate "1999.??.??"]

1. e4 c5 2. Nf3 e6 3. Nc3 Nc6 4. Bb5 Nge7 5. O-O a6 6. Bxc6 Nxc6 7. d4 cxd4 8.
Nxd4 Qc7 9. Re1 Nxd4 10. Qxd4 Qc5 11. Be3 Qxd4 12. Bxd4 d6 13. Na4 Bd7 14. Nb6
Rd8 15. Nxd7 Rxd7 16. c4 f6 17. Bb6 Kf7 18. Red1 Be7 19. Rd3 Rc8 20. b3 Bd8 21.
Be3 Be7 22. Rad1 Rdc7 23. a4 Rc6 24. g3 g6 25. Bd2 e5 26. Bb4 Ke6 27. f4 R8c7
28. Kf2 f5 29. Rd5 h5 30. Ba3 Rb6 31. c5 Rxb3 32. cxd6 Rc2+ 33. Kg1 Bd8 34.
Rxe5+ Kf6 35. d7 Rxa3 36. Re8 Bb6+ 37. Kh1 fxe4 38. Rf8+ Ke6 39. d8=Q Bxd8 40.
Rfxd8 Kf5 41. Re8 Kg4 42. Rxe4 Kh3 43. Kg1 Rxh2 44. f5 Rxg3+ 0-1

[Event "tm FRA 1st"]
[Site "France"]
[Date "1999.??.??"]
[Round "6"]
[White "Desbonnes, Samy"]
[Black "Guadalpi, David"]
[Result "0-1"]
[WhiteElo "2235"]
[BlackElo "2279"]
[Annotator "Gonfreville-Orange"]
[PlyCount "120"]
[EventDate "1999.??.??"]

1. c4 e5 2. Nc3 Nf6 3. g3 Bb4 4. Bg2 O-O 5. Nf3 Nc6 6. O-O Bxc3 7. bxc3 e4 8.
Ng5 Re8 9. f3 e3 10. d3 d5 11. cxd5 Nxd5 12. Ne4 f5 13. Qb3 Na5 14. Qa3 b6 15.
c4 Ne7 16. Bb2 Ng6 17. Qc3 Qe7 18. Ng5 f4 19. Bh3 Bxh3 20. Nxh3 c5 21. Nxf4
Nxf4 22. gxf4 Nc6 23. Qe1 Rad8 24. Qg3 Nd4 25. Bxd4 Rxd4 26. Kh1 Rf8 27. a4 Rf6
28. Rg1 a5 29. Rab1 Rdd6 30. Qg5 Qd7 31. Qg4 Qc7 32. Qg5 Kf8 33. Rg4 Qd7 34. f5
Rxf5 35. Qxe3 Rh6 36. Rg2 Qxa4 37. Rbg1 Rfh5 38. Qf4+ Rf6 39. Qb8+ Qe8 40.
Qxe8+ Kxe8 41. Rxg7 Re5 42. Rb7 Re7 43. Rg7 Rxg7 44. Rxg7 Rf7 45. Rg8+ Kd7 46.
Kg2 Kc6 47. Kf2 Ra7 48. Ke3 a4 49. Kd2 a3 50. Rg1 b5 51. cxb5+ Kxb5 52. Ra1 Ka4
53. Kc3 h5 54. f4 Rf7 55. Rf1 Rb7 56. f5 a2 57. Ra1 Ka3 58. Kc2 Rb2+ 59. Kc3
Rxe2 60. Kc4 Kb2 0-1

[Event "tm FRA 1st"]
[Site "France"]
[Date "1999.??.??"]
[Round "6"]
[White "Guadalpi, Celine"]
[Black "Gervais, Claire"]
[Result "1/2-1/2"]
[WhiteElo "1980"]
[BlackElo "2201"]
[Annotator "Orange-Gonfreville"]
[PlyCount "48"]
[EventDate "1999.??.??"]

1. e4 e6 2. d4 d5 3. e5 c5 4. c3 Nc6 5. Nf3 Bd7 6. a3 Nge7 7. Be2 a5 8. a4 Ng6
9. O-O Be7 10. Be3 b6 11. Ne1 O-O 12. f4 cxd4 13. cxd4 Nb4 14. Nc3 Nh4 15. Nf3
Nxf3+ 16. Rxf3 f5 17. Qd2 Nc6 18. Kh1 Na7 19. Rh3 g6 20. g4 Bb4 21. gxf5 Rxf5
22. Bd3 Rf7 23. Qg2 Rg7 24. Rg1 Bxc3 1/2-1/2

[Event "tm FRA 1st"]
[Site "France"]
[Date "1999.??.??"]
[Round "6"]
[White "Elbilia, Jacques"]
[Black "Bissieres, Mathieu"]
[Result "1-0"]
[WhiteElo "2360"]
[BlackElo "2230"]
[Annotator "Caissa-Avignon"]
[PlyCount "53"]
[EventDate "1999.??.??"]

1. d4 f5 2. c4 Nf6 3. Nc3 g6 4. f3 Bg7 5. e4 d6 6. e5 dxe5 7. dxe5 Qxd1+ 8.
Kxd1 Nfd7 9. f4 Na6 10. Nf3 O-O 11. Be3 e6 12. Kc2 b6 13. a3 Bb7 14. b4 c5 15.
b5 Nc7 16. Be2 Rad8 17. h4 Bh6 18. Rh3 Ne8 19. h5 g5 20. fxg5 Bg7 21. Rd1 Nc7
22. h6 Bh8 23. g6 Bxf3 24. g7 Bxe2 25. gxf8=Q+ Kxf8 26. Nxe2 Ke8 27. Rg3 1-0

[Event "tm FRA 1st"]
[Site "France"]
[Date "1999.??.??"]
[Round "6"]
[White "Cursoux, Laurent"]
[Black "Fontaine, Robert"]
[Result "0-1"]
[WhiteElo "2230"]
[BlackElo "2369"]
[Annotator "Avignon-Caissa"]
[PlyCount "100"]
[EventDate "1999.??.??"]

1. e4 c6 2. d4 d5 3. f3 e6 4. Bd3 dxe4 5. Bc4 Bd6 6. Be3 Nd7 7. Bb3 Ngf6 8.
fxe4 Nxe4 9. Nf3 Ndf6 10. Nbd2 Nxd2 11. Qxd2 Qc7 12. O-O-O Nd5 13. Kb1 b5 14.
Rdf1 a5 15. Ng5 f6 16. Bxd5 cxd5 17. Nh3 O-O 18. g4 Qc6 19. Nf2 e5 20. Nd3 Bxg4
21. Rhg1 Bh5 22. Qg2 Bg6 23. h4 e4 24. Nf4 Bxf4 25. Rxf4 Ra7 26. h5 Bxh5 27.
Rh4 Bg6 28. Qh2 Rc8 29. Rh1 Kf7 30. Rf1 b4 31. Rf2 Kg8 32. Qh3 Qd7 33. Qh1 a4
34. Rfh2 b3 35. Rxh7 Bxh7 36. Rxh7 bxc2+ 37. Kc1 a3 38. b3 Qg4 39. Rh8+ Kf7 40.
Rxc8 Qxc8 41. Qh5+ Kg8 42. Qxd5+ Rf7 43. Qxe4 f5 44. Qd3 f4 45. Bf2 Qf5 46.
Qxf5 Rxf5 47. Kxc2 g5 48. Kd3 g4 49. Bh4 g3 50. Ke2 Rh5 0-1

[Event "tm FRA 1st"]
[Site "France"]
[Date "1999.??.??"]
[Round "6"]
[White "Spiridonov, Nikola"]
[Black "Hinks-Edwards, Thomas"]
[Result "1-0"]
[WhiteElo "2398"]
[BlackElo "2318"]
[Annotator "Caissa-Avignon"]
[PlyCount "81"]
[EventDate "1999.??.??"]

1. c4 g6 2. d4 Bg7 3. Nc3 d6 4. Nf3 Bg4 5. e3 Nc6 6. Be2 e5 7. d5 Nce7 8. O-O
h6 9. e4 f5 10. exf5 gxf5 11. Ne1 Nf6 12. f3 Bh5 13. f4 Bxe2 14. Qxe2 e4 15.
Nc2 c5 16. dxc6 bxc6 17. Be3 O-O 18. Rad1 Qc7 19. Bd4 Rad8 20. Ne3 a6 21. Kh1
Qc8 22. Rd2 Qe6 23. Rfd1 Rd7 24. c5 24... d5 {=} 25. Qxa6 Ng6 26. g3 h5 27. Ne2
h4 28. Kg2 Nh5 29. Kf2 Bh6 30. Rg1 Kh7 31. Bc3 Bxf4 32. gxf4 Ngxf4 33. Nd4 Nh3+
34. Ke1 Qh6 35. Nexf5 Qf6 36. Rg4 e3 37. Re2 Nf2 38. Rxh4 Qg5 39. Rxe3 Rxf5 40.
Nxf5 Qxf5 41. Qe2 1-0

[Event "tm FRA 1st"]
[Site "France"]
[Date "1999.??.??"]
[Round "6"]
[White "Salus, Stephane"]
[Black "De Sousa, Jose-Claude"]
[Result "1/2-1/2"]
[WhiteElo "2237"]
[BlackElo "2275"]
[Annotator "Avignon-Caissa"]
[PlyCount "82"]
[EventDate "1999.??.??"]

1. d4 Nf6 2. c4 e6 3. Nf3 c5 4. e3 d5 5. Nc3 cxd4 6. exd4 Bb4 7. Qb3 Nc6 8. Bg5
O-O 9. Bd3 dxc4 10. Bxc4 Bxc3+ 11. Qxc3 Ne4 12. Bxd8 Nxc3 13. Bh4 Nd5 14. O-O
Bd7 15. Rfe1 Rac8 16. Bxd5 exd5 17. Ne5 Be6 18. Nxc6 Rxc6 19. Re2 h6 20. h3
Rfc8 21. Kh2 Rc2 22. Rae1 R8c4 23. f3 Rxe2 24. Rxe2 Rxd4 25. Bf2 Rd1 26. Bxa7
d4 27. Re4 d3 28. Rd4 Bxa2 29. Rd8+ Kh7 30. Bd4 Bc4 31. Bc3 Rc1 32. f4 Rc2 33.
Kg3 Bb5 34. h4 Bc6 35. Rxd3 Rxg2+ 36. Kh3 Rg1 37. h5 f6 38. Re3 Rh1+ 39. Kg4
f5+ 40. Kxf5 Rxh5+ 41. Ke6 Rh2 1/2-1/2

[Event "tm FRA 1st"]
[Site "France"]
[Date "1999.??.??"]
[Round "6"]
[White "Lecuyer, Christian"]
[Black "Blachier, Pierre"]
[Result "1/2-1/2"]
[WhiteElo "2265"]
[BlackElo "2135"]
[Annotator "Caissa-Avignon"]
[PlyCount "42"]
[EventDate "1999.??.??"]

1. Nf3 Nf6 2. c4 g6 3. g3 Bg7 4. Bg2 O-O 5. O-O d6 6. Nc3 c5 7. a3 Nc6 8. Rb1
a5 9. d3 Bd7 10. Bd2 Rb8 11. Qc1 Re8 12. Bh6 Bh8 13. Bg5 Qc8 14. Bxf6 14...
Bxf6 {E} 15. Nd5 Bg7 16. b4 axb4 17. axb4 Nxb4 18. Nxb4 cxb4 19. Rxb4 b5 20.
cxb5 Qxc1 21. Rxc1 Rxb5 1/2-1/2